<?xml version="1.0" encoding="UTF-8"?>
<record
    xmlns:xsi="http://www.w3.org/2001/XMLSchema-instance"
    xsi:schemaLocation="http://www.loc.gov/MARC21/slim http://www.loc.gov/standards/marcxml/schema/MARC21slim.xsd"
    xmlns="http://www.loc.gov/MARC21/slim">

  <leader>02525cam a22003254a 4500</leader>
  <controlfield tag="001">13463</controlfield>
  <controlfield tag="003">BD-RjUL</controlfield>
  <controlfield tag="005">20211208235446.0</controlfield>
  <controlfield tag="008">140201s2011    nju           001 0 eng d</controlfield>
  <datafield tag="020" ind1=" " ind2=" ">
    <subfield code="a">9780470888018 (hardback)</subfield>
  </datafield>
  <datafield tag="020" ind1=" " ind2=" ">
    <subfield code="a">9781118007877 (hardback)</subfield>
  </datafield>
  <datafield tag="035" ind1=" " ind2=" ">
    <subfield code="a">(OCoLC)ocn662400216</subfield>
    <subfield code="a">(BD-RjUL)13514</subfield>
  </datafield>
  <datafield tag="040" ind1=" " ind2=" ">
    <subfield code="a">DLC</subfield>
    <subfield code="c">DLC</subfield>
    <subfield code="d">YDX</subfield>
    <subfield code="d">BTCTA</subfield>
    <subfield code="d">YDXCP</subfield>
    <subfield code="d">BWX</subfield>
    <subfield code="d">CDX</subfield>
    <subfield code="d">BD-RjUL</subfield>
    <subfield code="b">eng</subfield>
  </datafield>
  <datafield tag="041" ind1=" " ind2=" ">
    <subfield code="a">eng</subfield>
  </datafield>
  <datafield tag="082" ind1="0" ind2="0">
    <subfield code="a">658.872</subfield>
    <subfield code="2">22</subfield>
    <subfield code="b">CEB 2011</subfield>
  </datafield>
  <datafield tag="100" ind1="1" ind2=" ">
    <subfield code="a">Cesari, Rick,</subfield>
    <subfield code="d">1956-</subfield>
    <subfield code="9">41990</subfield>
  </datafield>
  <datafield tag="245" ind1="1" ind2="0">
    <subfield code="a">Buy now :</subfield>
    <subfield code="b">creative marketing that gets customers to respond to you and your product /</subfield>
    <subfield code="c">Rick Cesari, Ron Lynch ; with Tom Kelly.</subfield>
  </datafield>
  <datafield tag="260" ind1=" " ind2=" ">
    <subfield code="a">Hoboken, N.J. :</subfield>
    <subfield code="b">Wiley,</subfield>
    <subfield code="c">c2011.</subfield>
  </datafield>
  <datafield tag="300" ind1=" " ind2=" ">
    <subfield code="a">xiv, 224 p. ;</subfield>
    <subfield code="c">24 cm.</subfield>
  </datafield>
  <datafield tag="504" ind1=" " ind2=" ">
    <subfield code="a">Includes index.</subfield>
  </datafield>
  <datafield tag="520" ind1=" " ind2=" ">
    <subfield code="a">"Learn the secrets of direct response marketing with the man who created the George Foreman Grill campaign In today's highly competitive, global marketplace, businesses have to do more than just advertise their products. By taking advantage of the accountable advertising model that direct response has to offer, you can improve your bottom line, build brands, and develop lasting relationships with legions of satisfied customers. In Buy Now!, Rick Cesari reveals twenty-five years' worth of insights and methods, enabling you to make the most of direct response marketing in your business toolkit. Whether you're a business owner, executive, inventor, or marketer, Buy Now! gives you the secrets behind the successful campaigns that catapulted products into millions of homes. Find out how to use direct response to create a "self-funding "marketing campaign Learn the techniques to building offers that will get people to respond to your products Use "high touch" direct response marketing to build brand equity and drive sales at retail Find out why large companies like Johnson &amp; Johnson and Valvoline are using these concepts for their consumer brands Cesari has put more companies on the Inc. 500 list of fastest growing companies than anyone else Buy Now! to launch your products and campaigns to new heights-and connect with customers as never before-with Cesari's market-leading insights."--</subfield>
  </datafield>
  <datafield tag="650" ind1=" " ind2="0">
    <subfield code="a">Direct marketing.</subfield>
    <subfield code="9">41991</subfield>
  </datafield>
  <datafield tag="650" ind1=" " ind2="0">
    <subfield code="a">Customer relations.</subfield>
    <subfield code="9">41983</subfield>
  </datafield>
  <datafield tag="700" ind1="1" ind2=" ">
    <subfield code="a">Lynch, Ron,</subfield>
    <subfield code="d">1966-</subfield>
    <subfield code="9">41992</subfield>
  </datafield>
  <datafield tag="700" ind1="1" ind2=" ">
    <subfield code="a">Kelly, Tom,</subfield>
    <subfield code="d">1950 October 8-</subfield>
    <subfield code="9">41993</subfield>
  </datafield>
  <datafield tag="856" ind1="4" ind2="2">
    <subfield code="3">Cover image</subfield>
    <subfield code="u">http://catalogimages.wiley.com/images/db/jimages/9780470888018.jpg</subfield>
  </datafield>
  <datafield tag="942" ind1=" " ind2=" ">
    <subfield code="2">ddc</subfield>
    <subfield code="c">BK</subfield>
  </datafield>
  <datafield tag="999" ind1=" " ind2=" ">
    <subfield code="c">13463</subfield>
    <subfield code="d">13463</subfield>
  </datafield>
  <datafield tag="952" ind1=" " ind2=" ">
    <subfield code="0">0</subfield>
    <subfield code="1">0</subfield>
    <subfield code="2">ddc</subfield>
    <subfield code="4">0</subfield>
    <subfield code="7">0</subfield>
    <subfield code="8">NFIC</subfield>
    <subfield code="a">RUCL</subfield>
    <subfield code="b">RUCL</subfield>
    <subfield code="c">Stack</subfield>
    <subfield code="d">2013-09-29</subfield>
    <subfield code="e">Asia foundation</subfield>
    <subfield code="g">24.95</subfield>
    <subfield code="l">0</subfield>
    <subfield code="o">658.872 CEB 2011</subfield>
    <subfield code="r">2014-02-01 00:00:00</subfield>
    <subfield code="t">C-2</subfield>
    <subfield code="w">2014-02-01</subfield>
    <subfield code="y">BK</subfield>
  </datafield>
  <datafield tag="952" ind1=" " ind2=" ">
    <subfield code="0">0</subfield>
    <subfield code="1">0</subfield>
    <subfield code="2">ddc</subfield>
    <subfield code="4">0</subfield>
    <subfield code="7">1</subfield>
    <subfield code="8">NFIC</subfield>
    <subfield code="a">RUCL</subfield>
    <subfield code="b">RUCL</subfield>
    <subfield code="c">Reading</subfield>
    <subfield code="d">2013-09-29</subfield>
    <subfield code="e">Asia foundation</subfield>
    <subfield code="g">24.95</subfield>
    <subfield code="l">0</subfield>
    <subfield code="o">658.872 CEB 2011</subfield>
    <subfield code="r">2014-02-01 00:00:00</subfield>
    <subfield code="t">C-1</subfield>
    <subfield code="w">2014-02-01</subfield>
    <subfield code="y">BK</subfield>
  </datafield>
</record>
